banner-ar

الجودة الشاملة فى المؤسسات التربوية / (Record no. 9740)

MARC details
000 -الفاتح
حقل البيانات ثابتة الطول 00839nam a2200241Ia 4500
008 - عناصر البيانات ثابتة الطول - معلومات عامة
حقل البيانات ثابتة الطول 140319s9999 xx 000 0 ara d
020 ## - الرقم الدولى المعيارى للكتب
الرقم الدولى المعيارى للكتاب 8560232977
040 ## - مصدر الفهرسة
وكالة الفهرسة الأصلية GCL /
وكالة النسخ GCL
082 04 - رقم تصنيف ديوى العشرى
رقم التصنيف 371.207
رقم المادة ح ج
100 1# - المدخل الرئيسى - إسم شخصى
الإسم الشخصى حافظ فرج احمد
245 10 - بيان العنوان
العنوان الجودة الشاملة فى المؤسسات التربوية /
بيان المسئوليه,etc حافظ فرج احمد
250 ## - بيان الطبعة
بيان الطبعة الاولى
260 ## - PUBLICATION, DISTRIBUTION, ETC. (IMPRINT)
تاريخ النشر أو التوزيع 2007
300 ## - الوصف المادى
التعداد 190 ص ؛
أبعاد الوعاء 24 سم
490 ## - بيان السلسلة
عنوان السلسلة سلسلة كتب الادارة
رقم المجلد/ التعيين التسلسلي 1
650 04 - المدخل الاضافى بالموضوع-مصطلح موضوعى
مصطلح موضوعي المدرسون - تدريب
650 04 - المدخل الاضافى بالموضوع-مصطلح موضوعى
مصطلح موضوعي المدارس - تنظيم وادارة
650 04 - المدخل الاضافى بالموضوع-مصطلح موضوعى
مصطلح موضوعي النظام المدرسى
650 04 - المدخل الاضافى بالموضوع-مصطلح موضوعى
مصطلح موضوعي الفصول الدراسية - تنظيم وادارة
650 04 - المدخل الاضافى بالموضوع-مصطلح موضوعى
مصطلح موضوعي المدارس - ضبط الجودة
942 ## - عناصر المدخل الإضافي( كوها)
مصدر التصنيف او مخطط الترفيف Dewey Decimal Classification
Koha [default] item type كتاب
260 ## - PUBLICATION, DISTRIBUTION, ETC. (IMPRINT)
-- القاهرة :
-- عالم الكتب ،
Holdings
حالة التراجع حالة الفقد حالة تلف ليس للاعارة المكان المؤقت الموقع الحالى تاريخ الاكتساب اجمالي اﻻعارات رقم الطلب الباركود تاريخ اخر مشاهدة تاريخ تفعيل السعر نوع وعاء كوها
        مكتبة القاهرة الكبرى مكتبة القاهرة الكبرى 03/26/2014   371.207\ح ج 20177 03/26/2014 03/26/2014 كتاب
        مكتبة القاهرة الكبرى مكتبة القاهرة الكبرى 03/26/2014   371.207\ح ج 20178 03/26/2014 03/26/2014 كتاب

Powered By

EGPV